Statistics for Turk Countries

Click here to take the quiz!

General Stats

  • This quiz has been taken 22 times
  • The average score is 5 of 7

Answer Stats

Answer% Correct
Turkey
100%
Turkmenistan
89%
Uzbekistan
79%
Kyrgyzstan
74%
Tajikistan
68%
Azerbaijan
53%
Kazakhstan
53%

Score Distribution

Percentile by Number Answered

Percent of People with Each Score

Your Score History

You have not taken this quiz